000 00717nam a2200241Ia 4500
003 OSt
005 20220928104225.0
006 a|||||r|||| 00| 0
007 ta
008 220927b |||||||| |||| 00| 0 eng d
024 _a33078
037 _cTextual
040 _aSDCL
_cSDCL
_beng
041 _2eng
_aeng
082 _aX9:77.27'N9, N8
100 _aRay Datta B Ed.
_9409707
245 0 _aSociological constraints to industrial development in North East India
260 _aNew Delhi
_bConcept Publishing
_c1998
300 _a273p
_ccm.
700 _a Baishya Prabin Ed.
_9409708
942 _hX9:77.27'N9, N8
_cTEXL
_2CC
999 _c725269
_d725269